000 00914nas a2200301 4500
001 BR2015005322
003 BR-BrBNA
005 20231205125729.0
007 ta
008 230509b bl.|||p| |||| 00| 00por d
040 _aBR-BrBNA
_bpor
_cBiblioteca Nacional de Agricultura
041 _a(En)
072 _aF30
100 1 _aPereira, G. da S.
100 1 _aCazé, A.L.R.
100 1 _aSilva, M.G. da
100 1 _aAlmeida, V.C.
100 1 _aMagalhães, F.O. da C.
100 1 _aSilva Filho, J.L. da
100 1 _aBarroso, P.A.V.
100 1 _aHoffmann, L.V.
245 1 _aOptimal use of SSR markers for varietal identification of upland cotton
650 _aALGODÃO
650 _aGENÉTICA VEGETAL
773 0 _tPesquisa Agropecuária Brasileira (Brazil)
_xISSN 0100-204X
_g(Jul 2015), v. 50(7) p. 571-581
_wBR2015005322
909 _a202311
_bLúcia
_c55
_dLúcia Elande
942 _2AGRIS
_n0
_cANA
999 _c245812
_d245812